Transferts les plus élevés pour chaque club de Ligue 2 - Statistiques

Statistiques générales
  • Ce quiz a été pris 40 fois
    6 depuis la dernière actualisation
  • Le résultat moyen est 2 sur 18
Statistiques - réponses
Equipes Années Prix (en euros) Anciens Clubs Joueurs % Correct
Amiens SC 2018/2019 6 millions 1.FC Köln Serhou Guirassy
67%
Stade Malherbe de Caen 2008/2009 5 millions Valenciennes FC Steve Savidan
50%
USL Dunkerque 2020/2021 500K SM Caen Malik Tchokounté
33%
Estac Troyes 2022/2023 6,5 millions Atlético-MG Savio
33%
Paris FC 2023/2024 2 millions Stade de Reims Ilan Kebbal
17%
FC Lorient 2022/2023 11 millions Udinese Jean-Victor Makengo
17%
Pau FC 2023/2024 600K Stade Brestois Taïryk Arconte
17%
Red Star FC 1990/1991 270K Spartak Moscou Fedor Cherenkov
0%
FC Metz 2006/2007 5 millions Ajax Amsterdam Georges Mikautadze
0%
Stade Lavallois 2010/2011 300K Vannes Ghislain Gimbert
0%
FC Annecy 2024/2025 250K Calvary FC Goteh Ntignee
0%
Rodez Aveyron Football 2006/2007 200K Tours FC Julien Lorthioir
0%
SC Bastia 1998/1999 2 millions Mogi Mirim Mariusz Piekarski
0%
Clermont Foot 63 2023/2024 3,5 millions Spartak Moscou Maximiliano Caufriez
0%
AC Ajaccio 2005/2006 500K PSG Romain Rocchi
0%
Grenoble Foot 38 2009/2010 1,5 million OL Sandy Paillot
0%
FC Martigues 1997/1998 350k Stade Poitevin Tomasz Frankowski
0%
En Avant Guingamp 2019/2020 4 millions RC Lens Yannick Gomis
0%
Aucun quiz correspondant
Distribution des résultats
% des personnes avec chaque résultat
Percentile par nombre de réponses
Votre historique - résultats
Vous n’avez pas pris ce quiz depuis la dernière actualisation